<?xml version="1.0" encoding="UTF-8"?>
<record
    xmlns:xsi="http://www.w3.org/2001/XMLSchema-instance"
    xsi:schemaLocation="http://www.loc.gov/MARC21/slim http://www.loc.gov/standards/marcxml/schema/MARC21slim.xsd"
    xmlns="http://www.loc.gov/MARC21/slim">

  <leader>02721cam a22002895a 4500</leader>
  <controlfield tag="001">17356936</controlfield>
  <controlfield tag="005">20160327160222.0</controlfield>
  <controlfield tag="008">120620t2013    fluaf  frb    001 0 eng d</controlfield>
  <datafield tag="020" ind1=" " ind2=" ">
    <subfield code="a">9781439878750</subfield>
  </datafield>
  <datafield tag="040" ind1=" " ind2=" ">
    <subfield code="a">DNLM/DLC</subfield>
    <subfield code="c">DLC</subfield>
    <subfield code="d">DLC</subfield>
    <subfield code="d">EG-ScBUE</subfield>
    <subfield code="b">eng</subfield>
  </datafield>
  <datafield tag="082" ind1="0" ind2="4">
    <subfield code="2">22</subfield>
    <subfield code="a">616.99407572</subfield>
    <subfield code="b">CAN</subfield>
  </datafield>
  <datafield tag="245" ind1="0" ind2="0">
    <subfield code="a">Cancer nanotechnology :</subfield>
    <subfield code="b">principles and applications in radiation oncology /</subfield>
    <subfield code="c">edited by Sang Hyun Cho, Sunil Krishnan.</subfield>
  </datafield>
  <datafield tag="260" ind1=" " ind2=" ">
    <subfield code="a">Boca Raton :</subfield>
    <subfield code="b">CRC Press / Taylor &amp; Francis Group,</subfield>
    <subfield code="c">c.2013.</subfield>
  </datafield>
  <datafield tag="300" ind1=" " ind2=" ">
    <subfield code="a">xviii, 254 p. :</subfield>
    <subfield code="b">ill. (some col.) ;</subfield>
    <subfield code="c">29 cm.</subfield>
  </datafield>
  <datafield tag="490" ind1="0" ind2=" ">
    <subfield code="a">Imaging in medical diagnosis and therapy.</subfield>
  </datafield>
  <datafield tag="500" ind1=" " ind2=" ">
    <subfield code="a">Index : p. 249-254.</subfield>
  </datafield>
  <datafield tag="504" ind1=" " ind2=" ">
    <subfield code="a">Includes bibliographical references.</subfield>
  </datafield>
  <datafield tag="505" ind1="0" ind2=" ">
    <subfield code="a">Basic principles of radiation therapy of cancers / Laurence Court and Radhe Mohan -- Biological principles of radiosensitization / Vikas Bhardwaj ... [et al.] -- Principles and applications of hyperthermia combined with radiation / Mark Hurwitz -- Synthesis and surface modification of nanomaterials for tumor targeting / Glenn Goodrich -- Safety concerns for nanomaterials in nanomedicinal applications / Qingxin Mu ... [et al.] -- Imaging with nanoparticles / Amit Joshi -- Optical microscopy of plasmonic nanoparticles / Varun P. Pattani and James Tunnell -- X-ray fluorescence computed tomography imaging of nanoparticles / Bernard L. Jones and Sang Hyun Cho -- Gold nanoparticle-mediated radiosensitization / Devika B. Chithrani -- Quantification of gold nanoparticle-mediated radiation dose enhancement / Sang Hyun Cho and Bernard L. Jones -- Semiconductor nanomaterials for radiotherapy / Ke Sheng -- Radioactive gold nanoparticle for tumor therapy / Raghuraman Kannan, Kattesh V. Katti, and Cathy Cutler -- Nanoparticles for the selective radioprotection of normal tissues / Jacob M. Berlin and Kathy A. Mason -- Gold nanoparticle-mediated hyperthermia in cancer therapy / Dev K. Chatterjee and Sunil Krishnan -- Magnetic resonance thermometry imaging for gold nanoparticle-mediated thermal therapy / R. Jason Stafford and John D. Hazle -- Modeling of plasmonic heat generation from gold nanoparticles / Francisco Reynoso and Sang Hyun Cho -- Carbon nanotubes for thermal therapy / Ravi N. Singh ... [et al.] -- Regulatory issues for clinical translations / J. Donald Payne -- Clinical translations of nanotechnology : present and future outlook / Dev K. Chatterjee, Sang Hyun Cho, and Sunil Krishnan.</subfield>
  </datafield>
  <datafield tag="650" ind1=" " ind2="7">
    <subfield code="a">Nanomedicine.</subfield>
    <subfield code="9">4192</subfield>
    <subfield code="2">BUEsh</subfield>
  </datafield>
  <datafield tag="650" ind1=" " ind2="7">
    <subfield code="a">Cancer</subfield>
    <subfield code="x">Radiotherapy.</subfield>
    <subfield code="2">BUEsh</subfield>
    <subfield code="9">39686</subfield>
  </datafield>
  <datafield tag="650" ind1=" " ind2="7">
    <subfield code="a">Cancer</subfield>
    <subfield code="x">Treatment.</subfield>
    <subfield code="2">BUEsh</subfield>
    <subfield code="9">39687</subfield>
  </datafield>
  <datafield tag="651" ind1=" " ind2=" ">
    <subfield code="2">BUEsh</subfield>
  </datafield>
  <datafield tag="653" ind1=" " ind2=" ">
    <subfield code="b">PPhrm</subfield>
    <subfield code="c">March2016</subfield>
  </datafield>
  <datafield tag="700" ind1="1" ind2=" ">
    <subfield code="a">Cho, Sang Hyun,</subfield>
    <subfield code="e">editor.</subfield>
  </datafield>
  <datafield tag="700" ind1="1" ind2=" ">
    <subfield code="a">Krishnan, Sunil,</subfield>
    <subfield code="e">editor.</subfield>
  </datafield>
  <datafield tag="942" ind1=" " ind2=" ">
    <subfield code="2">ddc</subfield>
  </datafield>
  <datafield tag="999" ind1=" " ind2=" ">
    <subfield code="c">21517</subfield>
    <subfield code="d">21489</subfield>
  </datafield>
  <datafield tag="952" ind1=" " ind2=" ">
    <subfield code="0">0</subfield>
    <subfield code="1">0</subfield>
    <subfield code="2">ddc</subfield>
    <subfield code="4">0</subfield>
    <subfield code="7">0</subfield>
    <subfield code="8">Scien. H.</subfield>
    <subfield code="a">MAIN</subfield>
    <subfield code="b">MAIN</subfield>
    <subfield code="c">1ST</subfield>
    <subfield code="d">2016-03-27</subfield>
    <subfield code="e">Purchase</subfield>
    <subfield code="g">1550.00</subfield>
    <subfield code="h">1</subfield>
    <subfield code="l">4</subfield>
    <subfield code="m">31</subfield>
    <subfield code="o">616.99407572 CAN</subfield>
    <subfield code="p">000032190</subfield>
    <subfield code="r">2025-07-15 00:00:00</subfield>
    <subfield code="s">2019-06-09</subfield>
    <subfield code="v">1937.50</subfield>
    <subfield code="y">BB</subfield>
  </datafield>
</record>
